00579nam a22001817a 4500003000400000008004100004020001800045082001700063100001700080245007900097260005300176300001600229650004100245650001700286650006100303700002100364700001200385OSt260606b |||||||| |||| 00| 0 eng d a9789353872526 a631.49bP29G aPatil, S.V.  aGlobal Soil & Climate An Overview/bby S.V. Patil, Rajakumar G.R., Ambresh aDelhi: bSatish Serial Publishing House, c2025. axii, 165 p. aAgriculture and related technologies aSoil science aGeographic treatment of soils / Global soil distribution aRajakumar G.R.,  aAmbresh